[Event "Contrecoeur op 7th"]
[Site "Contrecoeur"]
[Date "2019.11.03"]
[Round "4"]
[White "Masse, Hugues"]
[Black "Gil, Bernardo"]
[Result "1-0"]
[WhiteElo "2181"]
[BlackElo "1706"]
[PlyCount "79"]
[EventDate "2019.11.01"]
[EventType "swiss"]
[EventRounds "5"]
[EventCountry "CAN"]
[SourceTitle "CBM 193 Extra"]
[Source "ChessBase"]
[SourceDate "2020.01.31"]
[SourceVersion "1"]
[SourceVersionDate "2020.01.31"]
[SourceQuality "1"]

1. e4 c5 2. Nf3 g6 3. d4 Bg7 4. d5 d6 5. c4 Nd7 6. Bd3 Ngf6 7. 0-0 0-0 8. Nc3 Ng4 9. Re1 Nge5 10. Nxe5 Nxe5 11. Be2 f5 12. exf5 Bxf5 13. f4 Nf7 14. Be3 Nh6 15. g4 Bd7 16. h3 e6 17. dxe6 Bxe6 18. Qd3 Qh4 19. Bf2 Bd4 20. Qxd4 cxd4 21. Bxh4 dxc3 22. bxc3 Rac8 23. Be7 Rfe8 24. Bxd6 Bxc4 25. Bxc4+ Nf7 26. Rxe8+ Rxe8 27. Be5 Kf8 28. Bd4 b6 29. Kf2 Nd6 30. Bd3 Kf7 31. Re1 Rc8 32. Kf3 a6 33. Bxa6 Ra8 34. Bd3 Rxa2 35. Bxb6 Rd2 36. Re3 h5 37. Bc5 hxg4+ 38. hxg4 Nc8 39. Bc4+ Kg7 40. Re8 1-0

[Event "Quebec op U2000"]
[Site "Longueuil"]
[Date "2018.07.22"]
[Round "2.38"]
[White "Gil, Bernardo"]
[Black "Parenteau, Francois"]
[Result "0-1"]
[WhiteElo "1636"]
[BlackElo "1884"]
[PlyCount "94"]
[EventDate "2018.07.21"]
[EventType "swiss"]
[EventRounds "9"]
[EventCountry "CAN"]
[SourceTitle "EXT 2022"]
[Source "ChessBase"]
[SourceDate "2021.10.06"]
[SourceVersion "1"]
[SourceVersionDate "2021.10.06"]
[SourceQuality "1"]

1. d4 g6 2. Nf3 Bg7 3. Bf4 d6 4. Nc3 Nc6 5. Qd2 Bg4 6. e3 e5 7. dxe5 dxe5 8. Qxd8+ Rxd8 9. Bg3 Nb4 10. Rc1 Bxf3 11. gxf3 Ne7 12. a3 Nbc6 13. Bh3 f5 14. 0-0 g5 15. f4 h5 16. f3 g4 17. fxg4 hxg4 18. Bg2 e4 19. Na4 Nd5 20. Rfe1 b5 21. Nc5 Bxb2 22. Rb1 Bxa3 23. Rxb5 a6 24. Nxa6 0-0 25. c4 Ndb4 26. Nxc7 Rd2 27. Bf1 Bb2 28. Re2 Bc1 29. Rxd2 Bxd2 30. Bf2 Kh7 31. Nd5 Kg6 32. Rb6 Kg7 33. Kg2 Rd8 34. h3 gxh3+ 35. Kxh3 Nxd5 36. cxd5 Nb4 37. Rb7+ Kg6 38. Rb6+ Kf7 39. d6 Nd3 40. Bh4 Rd7 41. Be2 Bxe3 42. Bh5+ Ke6 43. Rb3 Nxf4+ 44. Kh2 Nxh5 45. Rxe3 Rxd6 46. Be1 Nf6 47. Bg3 Ng4+ 0-1

[Event "Guillermo Garcia Memorial op 27th"]
[Site "Santa Clara"]
[Date "2018.05.28"]
[Round "6"]
[White "Toro Castaneda, Miguel Angel"]
[Black "Gil, Bernardo"]
[Result "1-0"]
[WhiteElo "1880"]
[BlackElo "1724"]
[PlyCount "27"]
[EventDate "2018.05.22"]
[EventType "swiss"]
[EventRounds "9"]
[EventCountry "CUB"]
[SourceTitle "CBM 184 Extra"]
[Source "ChessBase"]
[SourceDate "2018.06.28"]
[SourceVersion "1"]
[SourceVersionDate "2018.06.28"]
[SourceQuality "1"]

1. e4 c5 2. Nf3 g6 3. d4 cxd4 4. Qxd4 Nf6 5. Nc3 Nc6 6. Qa4 d6 7. e5 dxe5 8. Nxe5 Qa5 9. Qxa5 Nxa5 10. Bb5+ Nd7 11. Nd5 Bg7 12. Bf4 Bxe5 13. Bxe5 0-0 14. Nxe7# 1-0

[Event "Montreal Mont Royal op"]
[Site "Montreal"]
[Date "2017.07.22"]
[Round "1"]
[White "Bassel, Charaf"]
[Black "Gil, Bernardo"]
[Result "1-0"]
[WhiteElo "2101"]
[BlackElo "1762"]
[PlyCount "85"]
[EventDate "2017.07.22"]
[EventType "swiss"]
[EventRounds "9"]
[EventCountry "CAN"]
[SourceTitle "CBM 179 Extra"]
[Source "ChessBase"]
[SourceDate "2017.08.23"]
[SourceVersion "1"]
[SourceVersionDate "2017.08.23"]
[SourceQuality "1"]

1. c4 g6 2. d4 Bg7 3. Nf3 Nf6 4. Nc3 0-0 5. g3 d5 6. Bg2 e6 7. 0-0 b6 8. Ne5 Bb7 9. Bg5 h6 10. Bxf6 Bxf6 11. cxd5 exd5 12. Qb3 c6 13. Rfd1 Nd7 14. e4 Nxe5 15. dxe5 Bxe5 16. exd5 Qc7 17. Rac1 Bxc3 18. dxc6 Bc8 19. Qxc3 Be6 20. h4 Rad8 21. a3 Rxd1+ 22. Rxd1 Rc8 23. Qf6 h5 24. Be4 Re8 25. Rd4 b5 26. Kg2 Qe7 27. Qxe7 Rxe7 28. Rd8+ Kg7 29. Rb8 Bc4 30. Bf3 a6 31. Ra8 b4 32. axb4 Bb5 33. Rc8 Kf6 34. g4 hxg4 35. Bxg4 Ke5 36. Kg3 Kd6 37. Bf3 Rc7 38. Rxc7 Kxc7 39. Bd5 Bxc6 40. Bxf7 Be4 41. Kf4 Bf5 42. h5 Kd6 43. h6 1-0

[Event "Laval op"]
[Site "Laval"]
[Date "2016.06.26"]
[Round "6.15"]
[White "Lesage, Philippe"]
[Black "Gil, Bernardo"]
[Result "0-1"]
[WhiteElo "1802"]
[BlackElo "1547"]
[PlyCount "106"]
[EventDate "2016.06.23"]
[EventType "swiss"]
[EventRounds "7"]
[EventCountry "CAN"]
[SourceTitle "EXT 2022"]
[Source "ChessBase"]
[SourceDate "2021.10.06"]
[SourceVersion "1"]
[SourceVersionDate "2021.10.06"]
[SourceQuality "1"]

1. Nf3 d5 2. c4 e6 3. g3 Nf6 4. Bg2 b6 5. cxd5 exd5 6. 0-0 Bb7 7. Nc3 a6 8. d4 h6 9. Qb3 Nbd7 10. Bf4 c5 11. dxc5 Nxc5 12. Qd1 Nce4 13. Rc1 Bc5 14. Nxe4 Nxe4 15. b4 Bd6 16. Be3 0-0 17. Qb3 Nf6 18. Rfd1 b5 19. Nd4 Rc8 20. Rxc8 Qxc8 21. Rc1 Qd7 22. a3 Rc8 23. Qb2 Rc4 24. Nb3 Qc7 25. Nc5 Bxc5 26. Bxc5 Nd7 27. Rxc4 dxc4 28. Bxb7 Qxb7 29. Bd4 f6 30. f3 Qc7 31. Qc3 Ne5 32. Kf2 Nc6 33. Bc5 Qe5 34. Qxe5 fxe5 35. Ke3 Kf7 36. f4 Ke6 37. Bf8 Kf6 38. fxe5+ Nxe5 39. Kd4 h5 40. e4 Nf3+ 41. Ke3 Nxh2 42. Kd4 Nf1 43. Bd6 Ke6 44. Bf4 g5 45. Bxg5 Nxg3 46. Ke3 Nf1+ 47. Kd4 Ng3 48. Ke3 Nf1+ 49. Kd4 Nh2 50. Bf4 Nf3+ 51. Kc3 h4 52. a4 h3 53. axb5 axb5 0-1

[Event "Laval op"]
[Site "Laval"]
[Date "2016.06.25"]
[Round "5.13"]
[White "Gauthier, Luc"]
[Black "Gil, Bernardo"]
[Result "1/2-1/2"]
[WhiteElo "1805"]
[BlackElo "1547"]
[PlyCount "132"]
[EventDate "2016.06.23"]
[EventType "swiss"]
[EventRounds "7"]
[EventCountry "CAN"]
[SourceTitle "EXT 2022"]
[Source "ChessBase"]
[SourceDate "2021.10.06"]
[SourceVersion "1"]
[SourceVersionDate "2021.10.06"]
[SourceQuality "1"]

1. e4 e6 2. d4 d5 3. e5 c5 4. c3 Qb6 5. Nf3 Nc6 6. Bd3 cxd4 7. cxd4 Bd7 8. 0-0 Nxd4 9. Nbd2 Nxf3+ 10. Nxf3 Bb5 11. Be3 Qa6 12. Bxb5+ Qxb5 13. Nd4 Qd7 14. Rc1 Ne7 15. Nb3 b6 16. Nd4 g6 17. Qe2 a6 18. Bg5 Bg7 19. Bxe7 Qxe7 20. Rc6 Qb4 21. Nf3 0-0 22. Rfc1 b5 23. Qc2 Bh6 24. Re1 Rfd8 25. a3 Qa5 26. Ra1 Rdb8 27. g4 Qd8 28. Rd6 Qe8 29. g5 Bf8 30. Rc6 Rc8 31. Rc1 Rxc6 32. Qxc6 Qxc6 33. Rxc6 Bg7 34. Kf1 a5 35. b4 axb4 36. axb4 Ra4 37. Rc8+ Bf8 38. Nd4 Rxb4 39. Nc6 Rb1+ 40. Kg2 Kg7 41. Nb8 Be7 42. h4 h6 43. Re8 hxg5 44. Rxe7 gxh4 45. Nc6 b4 46. Rb7 b3 47. Nd4 b2 48. Nxe6+ Kh6 49. Nf4 d4 50. Nd3 Rd1 51. Nxb2 Rb1 52. Rb4 g5 53. Nd3 Rxb4 54. Nxb4 Kg6 55. Nc2 d3 56. Ne3 Kg7 57. Kf3 Kf8 58. Ng4 Ke7 59. Ke3 Ke6 60. Kxd3 Kf5 61. f3 Kf4 62. Ke2 Kg3 63. Ke3 h3 64. Ke4 h2 65. Nxh2 Kxh2 66. Kf5 Kg3 1/2-1/2

[Event "Laval op"]
[Site "Laval"]
[Date "2016.06.24"]
[Round "2.8"]
[White "Soudre, Nicolas"]
[Black "Gil, Bernardo"]
[Result "1/2-1/2"]
[WhiteElo "2084"]
[BlackElo "1547"]
[PlyCount "112"]
[EventDate "2016.06.23"]
[EventType "swiss"]
[EventRounds "7"]
[EventCountry "CAN"]
[SourceTitle "EXT 2022"]
[Source "ChessBase"]
[SourceDate "2021.10.06"]
[SourceVersion "1"]
[SourceVersionDate "2021.10.06"]
[SourceQuality "1"]

1. e4 e6 2. d4 d5 3. Nc3 Nf6 4. Bg5 dxe4 5. Nxe4 Be7 6. Bxf6 gxf6 7. Nf3 f5 8. Nc3 a6 9. d5 c6 10. dxe6 Qxd1+ 11. Rxd1 Bxe6 12. Bd3 c5 13. 0-0 Nc6 14. Rfe1 0-0-0 15. a3 c4 16. Bf1 b5 17. Ne2 Rxd1 18. Rxd1 Rd8 19. Rxd8+ Kxd8 20. g3 Bf6 21. c3 a5 22. Nf4 Ke7 23. a4 b4 24. Nxe6 fxe6 25. Bxc4 bxc3 26. bxc3 Bxc3 27. Ng5 e5 28. Nxh7 Bd2 29. h4 Nd4 30. Kf1 Kd6 31. Nf6 Kc5 32. Bf7 Kb4 33. Be8 Ne6 34. Bg6 Nc5 35. Bxf5 Nxa4 36. Nd7 Bc3 37. Ke2 Nb2 38. Be6 a4 39. Nb6 a3 40. Ba2 Bd4 41. Nd5+ Kc5 42. Ne3 Na4 43. Nd1 Nb6 44. f3 Nd5 45. h5 Nb4 46. Bb3 a2 47. Bxa2 Nxa2 48. h6 Kd5 49. h7 e4 50. Ne3+ Ke6 51. fxe4 Kf7 52. Nf5 Be5 53. Kd3 Kg6 54. Kc4 Kxh7 55. Kd5 Ba1 56. Ke6 Nc3 1/2-1/2